000 01221pam a2200349 a 4500
001 1460004
003 OSt
005 20140310182238.0
008 860116s1986 nyu b 000 0 eng
010 _a 86002264
020 _a0876090110
020 _z0876090110 :
_c$5.95
040 _aDLC
_cDLC
_dDLC
043 _ae------
_an-us---
050 0 0 _aD 1065.U5
_b.D26 1986
082 0 0 _aHS 327.73
_bD14 1986
100 1 _aDahrendorf, Ralf,
_d1929-2009.
_913553
245 1 2 _aA widening Atlantic? :
_bdomestic change & foreign policy /
_cAndrew J. Pierre, editor ; Ralf Dahrendorf, Theodore C. Sorensen.
260 _aNew York :
_bNew York University Press,
_c1986.
300 _a107 p. ;
_c24 cm.
440 0 _aEurope/America ;
_v4
_913554
521 _aFourth year high school students and above
651 0 _aEurope
_xForeign relations
_zUnited States.
_913555
651 0 _aUnited States
_xForeign relations
_zEurope.
_913556
651 0 _aEurope
_xCivilization
_y1945-
_913557
651 0 _aUnited States
_xCivilization
_y1970-
_913558
700 1 _aPierre, Andrew J.
_913559
700 1 _aSorensen, Theodore C.
_913560
906 _a7
_bcbc
_corignew
_d1
_eocip
_f19
_gy-gencatlg
942 _2lcc
_cHS
999 _c11075
_d11075